000
00301nam a2200121Ia 4500
008
210430s9999 xx 000 0 und d
082
_a
547 C583 O
100
_a
Clayden
_9
53678
245
_a
Organic Chemistry
_c
Clayden
260
_a
Islamabad
_b
Photo copy
_c
2008
300
_a
1512p
942
_c
BK
_2
ddc
999
_c
563893
_d
563893